Open Data Biblioteca Nacional de Portugal


República Portuguesa: Ministério da Cultura
Biblioteca Nacional de Portugal

Catálogo da BNP: acesso por Identificadores Unívocos
Registos Bibliográficos associados ao registo de autoridade

Etiqueta de registo: 00254nam 2200025 450
001 2284847
003 http://id.bnportugal.gov.pt/bib/catbnp/2284847
010 ## $a978-989-9191-06-8
021 ## $aPT$b524448/23
100 ## $a20260420d2024 m y0pory01030103ba
101 0# $apor
102 ## $aPT
105 ## $aa z 000gy
106 ## $ar
200 1# $aCesse amor - poemas escolhidos$fViolante Montesino$gsel. José Vieira
205 ## $a1ª ed
210 #9 $aAlcobaça$cCarrack,$d2024
215 ## $a107, [8] p.$d19 cm
225 2# $aDescobrir os clássicos.$iPoesia
700 #1 $aMontesino,$bViolante,$f1602-1693$31996384
702 #1 $911$aVieira,$bJosé$4220$31948726
801 #0 $aPT$bBN$gRPC
966 ## $lBN$mFGMON$x1
971 ## $corlando$d20260420

OpendataBNP@bnportugal.pt | Mais informação sobre acesso aos dados BNP